00959nam a2200205 a 450000100100000000500170001000800410002702000150006804000250008310000330010824501050014126000300024630000470027650400730032350500550039671000710045195201080052295201060063099900170073600004191120201002035827.0131022s1983 sp a 000 0 spa d a8460031705 aDO-SdBNPbspacBNPHU1 aMaluquer de Motes, J.96880113aEl Santuario Protohistórico de Zalamea de la Serena, Badajoz :b1978-1981 /cJ. Maluquer de Motes. aBarcelona :bCSIC,c1983. av. (410 p. LII h. lám.) :bil. ;c30 cm. aIncluye referencias bibliográficas y notas al pie de las páginas2 av. 4tPrograma de investigaciones protohistórica2 aConsejo Superior de Investigaciones Científicas(España)967719 001050718MOaGRbGRcCTd2013-10-22iLF1l0ov. 4p41911-10r2020-06-25w2020-06-25y1ZNo se presta 0010507-18MOaGRbGRcOId2013-11-19iLF1l0o p41911-20r2020-06-25w2020-06-25y1ZNo se presta c41400d41400